00717nam a2200193 i 450000100060000000300090000600500170001500700030003200800410003510000310007624501180010725000150022526000440024030000220028470000460030685200320035299900170038495201220040127041ES-MaACL20250820140236.0t|030113s1968 sp ||||1| spa d1 aAuzias, Jean-Marie.92398613aLa filosofía y las técnicas / cJean-Marie Auzias ; [traducción castellana: José Luis Blasco Estellés]. a[1ª ed.]. aBarcelona, etc. : bOikos-Tau, c[1968] a115 p. ; c21 cm.1 aBlasco, Josep Lluís, d1940-2003929370 aES-MaACLjC-34659 bR.66661 c27041d27041 00104070aATENEOMbATENEOMcDEPO2d2008-01-17eSCl0oC-34659p1027910r2023-02-23 00:00:00w2023-02-23yMONOGRAFIA